header

Crowdsourcing for dummies (Record no. 156377)

MARC details
000 -LEADER
fixed length control field 01347nam a2200325 a 4500
082 04 - DEWEY DECIMAL CLASSIFICATION NUMBER
Classification number 658.4036
100 1# - MAIN ENTRY--AUTHOR NAME
Personal name Grier, David Alan.
245 10 - TITLE STATEMENT
Title Crowdsourcing for dummies
260 ## - PUBLICATION, DISTRIBUTION, ETC. (IMPRINT)
Place of publication Chichester [England] :
Name of publisher Wiley,
Year of publication 2013.
300 ## - PHYSICAL DESCRIPTION
Number of Pages xiv, 364 p. :
Other physical details ill.
490 1# - SERIES STATEMENT
Series statement --for dummies
500 ## - GENERAL NOTE
General note Includes index.
505 0# - FORMATTED CONTENTS NOTE
Formatted contents note pt. 1. Understanding crowdsourcing basics -- pt. 2. Looking at the different forms of crowdsourcing -- pt. 3. Building skill -- pt. 4. Getting all you can get from the crowd -- pt. 5. The part of tens.
650 #0 - SUBJECT ADDED ENTRY--TOPICAL TERM
Topical Term Human computation.
856 40 - ELECTRONIC LOCATION AND ACCESS
Uniform Resource Identifier http://site.ebrary.com/lib/rucke/Doc?id=10680780

No items available.

© 2026 Rongo University
Contact us: librarian | system librarian | Rongo university